VYBRANÉ METÓDY KRUŽNICOVEJ INTERPOLÁCIE

Bibliographic Details
Main Authors: Koleda, Peter (Author), Naščák, Ľubomír, 1952- (Author)
Format: Article
Language:Slovak

MARC

LEADER 00000nab a2200000 a 4500
001 vtls011117932
003 SK-MaSNL
005 20260303145323.0
008 230222|2011 xo |||||||||||||||||slo|
015 |a SNBRB 
035 |a (uuid)cc89b15c-b209-46ed-a2a5-8dc1ddb32040 
035 |a (urnnbn)urn:nbn:sk:snk:ar-a08m6e 
035 |a urn:nbn:sk:snk-ab9o95 
040 |a SNKBUCL  |b slo  |c SNKBUCL  |e AACR2 
041 0 |a slo 
044 |a xo  |c SK 
100 1 |a Koleda, Peter  |4 aut  |9 355632 
245 1 0 |a VYBRANÉ METÓDY KRUŽNICOVEJ INTERPOLÁCIE  |c Peter Koleda, Ľubomír Naščák 
246 3 |a SELECTED METHODS OF CIRCULAR INTERPOLATION 
700 1 |a Naščák, Ľubomír,  |d 1952-  |4 aut  |9 204173 
773 0 |t Acta Facultatis technicae Zvolen : vedecký časopis Fakulty environmentálnej a výrobnej techniky  |g Roč. 16, č. 1 (2011), s. 45-54 
954 |a odborná, vedecká literatúra pôvodná (slovenská)  |2 lita 
958 |a OND 
958 |a EUIPO 
958 |a article13 
999 |c 2002167  |d 2004097